Literal Translation of Country Names: Europe - Statistics

General Stats
  • This quiz has been taken 84 times
  • The average score is 25 of 44
Answer Stats
Hint Answer % Correct
Land of the Finns Finland
96%
Land of the Czechs Czechia
94%
Land of the Slovaks Slovakia
94%
Land of the Swiss Switzerland
94%
Land of the Belgae Belgium
91%
Land of Saint Marinus San Marino
91%
Bosna river and the Duke's land Bosnia and Herzegovina
90%
Land of the Rus' Russia
90%
Northern way Norway
88%
People from Rome Romania
88%
Land of the Slavs Slovenia
88%
Papal palace on the hill Vatican City
88%
White Ruthenia Belarus
82%
Lowlands Netherlands
82%
United countries United Kingdom
82%
Snow land Iceland
78%
Land of the black mountain Montenegro
76%
Land of the Svear Sweden
75%
Land of the Ionians Greece
73%
Warm port Portugal
70%
Little castle Luxembourg
57%
East Mark Austria
55%
Land of eagles Albania
46%
Bright stone Liechtenstein
45%
Land in the west Ireland
42%
People of the fields Poland
42%
Land of the people Germany
40%
Land on the edge Ukraine
34%
Ten arrows Hungary
31%
Land of many rabbits Spain
31%
Land of the fierce France
30%
Sons of the bull Italy
30%
Forest clearer Latvia
27%
Shoreland Lithuania
27%
Dark river Moldova
27%
Home of warriors Denmark
25%
Field of the blackbirds Kosovo
25%
Land of the men Serbia
25%
Home of mixed tribes Bulgaria
24%
Waterside dwellers Estonia
24%
Land of tall people North Macedonia
24%
Shrub-covered land Andorra
22%
On the mountain ridge Croatia
21%
Place of refuge Malta
18%
No matching quizzes found
Score Distribution
Percent of People with Each Score
Percentile by Number Answered
Your Score History
You have not taken this quiz